00976nam0a22002051 4500001001100000005001700011021001900028035002600047100004100073101000800114102000700122105001800129200028600147210011100433215001600544710014600560801001800706801002200724852002400746rc\420859420260407111212.0 aRUb[48-11256] a(NLR Aleph) 008010715 a20130415d1948 |||y0rusy50 ca0 arus aRU ay z |||||1 aО мерах по обеспечению пусковых объектов подрядного строительства серийным оборудованием и кабельной продукцией в 1948 г.eПриказ № 52 от 9-го марта 1948 г. aМоскваcтип. М-ва угольной пром-сти вост. районов СССРd1948 a174 с.d2201aСССРbМинистерство угольной промышленности восточных районов3RU\NLR\AUTH\889939130 0aRUbNLRgpsbo 1aRUbELAR2rusmarc aNLRjЭк40 Г-5/75